| 000 | 00444nam a2200193Ia 4500 | ||
|---|---|---|---|
| 005 | 20240913125754.0 | ||
| 008 | 240913s9999||||xx |||||||||||||| ||und|| | ||
| 041 | _aENGLISH | ||
| 082 | _A624.15 Q5 | ||
| 100 | _aBlyth F G H | ||
| 245 | 2 | _aA Geology for Engineers | |
| 250 | _a7th | ||
| 260 |
_c2015 _bCRC Press,Boca |
||
| 500 | _aREFERENCE | ||
| 650 |
_aGeology _bCivil |
||
| 700 | _a De Freitas M H | ||
| 942 | _cREF | ||
| 999 |
_c246233 _d246233 |
||